| Registos Bibliográficos associados ao registo de autoridade |
|
Etiqueta de registo: 00230nam 2200025 450 001 1318778 003 http://id.bnportugal.gov.pt/bib/catbnp/1318778 010 ## $a972-8115-90-3 021 ## $aPT$b206054/04 100 ## $a20050321d2004 m y0pory0103 ba 101 1# $apor$ager$cger 102 ## $aPT 105 ## $ay z 000gy 106 ## $ar 200 1# $aAos queridos mortos$e33 epitáfios$fDurs Grünbein$gtrad. e posf. Fernando Matos Oliveira 210 #9 $aCoimbra$cAngelus Novus,$d2004 215 ## $a91, [2] p.$d21 cm 225 2# $aPolítica dos autores$v14 304 ## $aTít. orig.: Den teuren toten 305 ## $aEd. bilingue em português e alemão 675 ## $a821.112.2-1"19"$vBN$zpor$3574788 700 #1 $aGrünbein,$bDurs,$f1962-$3685210 702 #1 $aOliveira,$bFernando Matos,$f1968-$4075$4730$3919615 900 ## $aBIBNAC$d20130602 966 ## $lBN$mFGMON$sL. 83200 V.$x1 966 ## $lBN$mFGMON$sL. 83200 V.$x1
Etiqueta de registo: 00254nam 2200025 450 001 2287232 003 http://id.bnportugal.gov.pt/bib/catbnp/2287232 010 ## $a978-989-36666-0-9 021 ## $aPT$b561199/26 100 ## $a20260529d2026 m y0pory01030103ba 101 1# $apor$ager 102 ## $aPT 105 ## $aa z 000yy 106 ## $ar 200 1# $aVelas de ignição$fDurs Grünbein$gtrad. Maria Teresa Dias Furtado 205 ## $a1ª ed 210 #9 $a[S.l.]$cSaguão,$d2026 215 ## $a272, [4] p.$cil.$d23 cm 225 2# $aSaguão$v44 304 ## $aTít. orig.: Zündkerzen 305 ## $aEd. bilingue em portugês e alemão 700 #1 $aGrünbein,$bDurs,$f1962-$3685210 702 #1 $aDias,$bM. T. Furtado,$f1904-$4730$383919 801 #0 $aPT$bBN$gRPC 966 ## $lBN$mFGMON$x1 966 ## $lBN$mFGMON$x1 971 ## $cabrito$d20260529
|
|
|